000
00222 a2200097 4500
001
37863
100
_a
Greeneich E W
245
_a
Analog integrated circuits
260
_a
USA
_b
Chapman and Hall
_c
090
_c
24056
_d
24056
942
_a
NUST-CAE
_c
M
_c
15621
999
_c
272936
_d
272936